000 02151cam a2200241 4500500
005 20251228074200.0
041 _afre
042 _adc
100 1 0 _aIaneva, Maria
_eauthor
700 1 0 _aAdam, Cécile
_eauthor
245 0 0 _aL’immobilier à l’épreuve du numérique : du bureau attribué au bureau de demain
260 _c2017.
500 _a13
520 _aRésuméCe recueil de témoignages cherche à apporter un éclairage sur les évolutions conjointes du numérique et de l'aménagement de bureaux. De plus en plus d'entreprises investissent aujourd'hui l'organisation de leurs espaces de travail comme source de valeur et levier de transformation. Nous présentons les témoignages de trois acteurs de l'immobilier tertiaire : deux consultants workplace, dont l'un spécialisé dans le digital et le directeur commercial d'un fabricant, éditeur et distributeur de mobilier de bureau. Les interviewés reviennent sur les évolutions récentes des environnements de travail et portent leur regard sur le bureau de demain.
520 _aCommercial real estate under the cosh of digital technology: from the designated office to the office of tomorrowThe aim of this set of testimonies is to shed light on the parallel development of digital technology and office layout. More and more companies have acknowledged that their workplaces are a source of economic value and a springboard for transformation. We examine the accounts of three representatives from the world of commercial real estate : two workplace consultants, one of whom is an expert in digital technology, and the commercial director for a designer, manufacturer and distributor of office furniture. The interviewees discuss recent developments in the workspace and envisage the office of tomorrow.
690 _aAMÉNAGEMENT
690 _aESPACE DE TRAVAIL
690 _aNOUVEAUX MODES DE TRAVAIL
690 _aNWoW (NEW WAY of WORKING)
690 _aTIC
786 0 _nSociologies pratiques | 34 | 1 | 2017-05-10 | p. 111-121 | 1235-9278
856 4 1 _uhttps://shs.cairn.info/revue-sociologies-pratiques-2017-1-page-111?lang=fr&redirect-ssocas=7080
999 _c1597029
_d1597029